00558nam a2200169Ia 4500003000900000008004100009040001300050040001300063041000800076245022100084250000900305260001200314260000900326300001000335490000600345710003700351IT-RoPAU120407s9999 xx 000 0 und d aIT-RoPAU cIT-RoPAU aita a"Atti dell’ottavo Congresso mondiale delle Comunità terapeutiche. 1. Alcool; educazione, famiglia, forze armate & polizia, giustizia - 2. Lavoro: ricerca, sanità, strumenti professionali, miscellanea, sommario" aRoma aEdigraf c1985 c24 cm v1 aCentro Italiano di Solidarietà